Регионална библиотека "Любен Каравелов" - Русе

Паметници на признателността (Запис номер 208284)

MARC детайли
000 -Лидер
Контролно поле с фиксирана дължина 02155nkm a2200373 c 4500
003 - Код на организацията, давaща контролен номер
Контролно поле BLK
005 - Дата и час на последна редакция
Контролно поле 20250128124910.0
008 - Елементи от данни с фиксирана дължина
fixed length control field 180412b bul rap|r|||| r0| ||bulo|
010 ## - Наследен системен номер
LC control number KNG00020779000
040 ## - Източник на каталожния запис
Идентификатор на билиотеката - собственик на записа BLK
041 ## - Код за език
Код за езика на текст/звукозапис или на отделно заглавие Български
Код за езика КДБФ Български
080 ## - УДК
Текстов определител УДК Освобождение на България. Руско-турска война (1877-1878)
УДК код - определител по УДК 94(497.2)"1877/1878"
УДК определител (084)
УДК - код + определител 94(497.2)"1877/1878"(084)
080 ## - УДК
Текстов определител УДК Паметници на културата на историческите периоди. Археологическите паметници. Старини
УДК код - определител по УДК 904
УДК определител (497.21-31)(084)
УДК - код + определител 904(497.21-31)(084)
139 ## - Редно поле
Редна дума Паметници на признателността
Авторски знак Пам - П 16
245 10 - Сведения за заглавието
Заглавие Паметници на признателността
Подзаглавни данни Към загиналите в Руско-турската освободителна война 1877 - 1878 г. във Великотърновския край
Редно поле (дума) съавт. Стефан Бейков; съавт. Марин Маринов; съавт. Тянка Минчева; съавт. Тодорка Драганова.
257 ## - Страна на издаване
Страна на създаване/издаване България
260 ## - Област на издателските данни
-- Павликени
Име на издателя, разпространителя и проч. Фарвут
Година на издаване 1997
300 ## - Физическа характеристика
Страници 48 с.
Илюстрации и др. с ил.
Размери/Мащаб 24 см
380 ## - Жанр
Жанр История
500 ## - Общи забележки
Забележка Други състав.: М. Маринов, Т. Минчева, Т. Драганова, отбелязани на с. 2. - 300 тир.
650 #7 - Допълнително описание по предмет – тема
Основно описание – тема или топоним Руско-турска освободителна война 1877 - 1878 - Великотърновски край
Източник на редна или ключова дума
9 (RLIN) 170043
650 #4 - Допълнително описание по предмет – тема
Основно описание – тема или топоним Исторически паметници - Великотърновски край - албуми
9 (RLIN) 351312
653 ## - Ключова дума – ненормативна
Ключова дума паметници
700 1# - Други автори (авторска отговорност)
Лично име Бейков, Стефан
Автороска отговорност (Описва отношението между автора и произведението) съавт.
9 (RLIN) 386894
700 1# - Други автори (авторска отговорност)
Лично име Маринов, Марин
Автороска отговорност (Описва отношението между автора и произведението) съавт.
9 (RLIN) 365750
700 1# - Други автори (авторска отговорност)
Лично име Минчева, Тянка
Автороска отговорност (Описва отношението между автора и произведението) съавт.
9 (RLIN) 351310
700 1# - Други автори (авторска отговорност)
Лично име Драганова, Тодорка
Автороска отговорност (Описва отношението между автора и произведението) съавт.
9 (RLIN) 367415
852 ## - Местоположение
Форматна сигнатура Цб 195785
856 4# - Електронен адрес и достъп
Електронен формат pdf - файл
Път до файла /url/
856 4# - Електронен адрес и достъп
Електронен формат pdf - файл
Път до файла /url/
942 ## - АРТИКУЛИ
Вид на библиотечния материал Графични издания
Скрит в OPAC Не
944 ## - СЪЗДАВАНЕ И РЕДАКЦИЯ на ЗАПИСА
Създаване/Редакция Създаване
Дата на регистрацията/редакция 15.01.2003
Служител, извършил регистрацията/редакцията 30560
Статус, дата на статуса Геновева Генчева
944 ## - СЪЗДАВАНЕ И РЕДАКЦИЯ на ЗАПИСА
Създаване/Редакция Редакция
Дата на регистрацията/редакция 23.12.2016
Служител, извършил регистрацията/редакцията Силвестър_Спасов
999 ## - СИСТЕМНИ КОНТРОЛНИ НОМЕРА
Koha biblionumber 208284
Koha biblioitemnumber 208284
Наличности
Код за отписване Код за изгубен артикул Източник на класификационната схема Код за повреда Коз за рестрикции Код за отдаване Артикулен № Име на библиотеката - собственик Име на библиотеката, в която се намира в момента Статус (Текущо местоположение) Дата на вписване в системата Местоположение - отдел Цена в лева Инвентарен номер Систематично азбучна сигнатура Баркод Номер на екземпляра Цена в евро Служебен тип на артикула
  Не е изгубен Universal Decimal Classification Не е повреден без рестрикции ползва се в читалня 359349 Регионална библиотека "Любен Каравелов" Русе Регионална библиотека "Любен Каравелов" Русе Хранилище 2001-01-01 Хранилище 0.00 638664 Цб 195785 120000638664 1 0.00 Графични издания
Vip Innovations Ltd, Rousse, Bulgaria 2025